000 00341 a2200157 4500
001 59016
020 _a8571238855
040 _cAnchieta - Pituba
100 _aWitcher, Moony
240 1 0 _aA menina da sexta lua
_lpor
245 1 0 _aA menina da sexta lua
300 _a287
362 0 _a2006
650 4 _aLiteratura juvenil
942 _cBK
999 _c59016
_d59016